[Event "III Festival A"]
[Site "Ortisei - Sankt Ulrich in Groeden ITA"]
[Date "2016.06.10"]
[Round "8"]
[White "Nelson, Jonathan P"]
[Black "Corvi, Marco"]
[WhiteElo "2183"]
[BlackElo "2305"]
[Result "0-1"]
[PlyCount "70"]
[EventDate "2016.06.04"]

1. e4 Nf6 2. e5 Nd5 3. Nc3 Nb6 4. d4 d5 5. a4 a5 6. Bg5 Na6 7. Nb5 Be6 8. Nf3
Qd7 9. Be2 c6 10. O-O Bf5 11. Qd2 e6 12. Nh4 h6 13. Nxf5 exf5 14. e6 Qxe6 15.
Bf4 Bb4 16. c3 Be7 17. Nc7+ Nxc7 18. Bxc7 Nc4 19. Bxc4 dxc4 20. Rfe1 Qd7 21.
Bb6 O-O 22. Qe2 Ra6 23. Bc5 Bxc5 24. dxc5 b5 25. Rad1 Qb7 26. Rd6 Raa8 27. Qd2
bxa4 28. Rd7 Qb5 29. Re5 a3 30. bxa3 Rae8 31. Rxe8 Rxe8 32. a4 Qxc5 33. h4 Re4
34. g3 Qe5 35. Rd8+ Kh7 0-1

[Event "III Festival A"]
[Site "Ortisei - Sankt Ulrich in Groeden ITA"]
[Date "2016.06.10"]
[Round "8"]
[White "Neverov, Valeriy"]
[Black "Codenotti, Marco"]
[WhiteElo "2507"]
[BlackElo "2451"]
[Result "1/2-1/2"]
[PlyCount "129"]
[EventDate "2016.06.04"]

1. c4 c6 2. Nc3 d5 3. e3 Nf6 4. Nf3 g6 5. b3 Bg7 6. Bb2 O-O 7. Be2 Bg4 8. O-O
Ne4 9. Qc2 Nxc3 10. Bxc3 e6 11. Bxg7 Kxg7 12. Qc3+ Kg8 13. Rfc1 Nd7 14. cxd5
Bxf3 15. Bxf3 cxd5 16. Qc7 Rb8 17. e4 Nb6 18. h3 Qg5 19. exd5 Rfc8 20. Qg3 Qxg3
21. fxg3 Nxd5 22. Bxd5 exd5 23. Kf2 h5 24. Rc3 Rxc3 25. dxc3 Rc8 26. Rc1 Kg7
27. Ke3 Re8+ 28. Kd3 Re5 29. Rf1 f5 30. a4 b6 31. a5 Kf6 32. axb6 axb6 33. Ra1
Kg5 34. Ra2 Re4 35. Ra6 Re1 36. Rxb6 Rg1 37. Ke3 Rxg2 38. Kf3 Rc2 39. h4+ Kh6
40. Rc6 d4 41. c4 Rc3+ 42. Kf4 Rxb3 43. Rd6 d3 44. Rd4 Rc3 45. Ke3 d2+ 46. Kxd2
Rxg3 47. c5 Ra3 48. c6 Ra6 49. Rc4 Ra8 50. c7 Rc8 51. Ke3 Kg7 52. Kf4 Kf6 53.
Rc1 Ke6 54. Kg5 Kd6 55. Rd1+ Ke7 56. Re1+ Kd6 57. Kxg6 Rxc7 58. Kxf5 Rg7 59.
Re6+ Kd7 60. Rh6 Ke7 61. Rxh5 Kf7 62. Rg5 Rxg5+ 63. hxg5 Kg7 64. g6 Kg8 65. Ke4
1/2-1/2

[Event "III Festival A"]
[Site "Ortisei - Sankt Ulrich in Groeden ITA"]
[Date "2016.06.10"]
[Round "8"]
[White "Olivetti, Davide"]
[Black "De Santis, Alessio"]
[WhiteElo "2063"]
[BlackElo "2275"]
[Result "1/2-1/2"]
[PlyCount "70"]
[EventDate "2016.06.04"]

1. e4 b6 2. d4 Bb7 3. Nc3 e6 4. Bd3 Bb4 5. Nge2 Nf6 6. O-O d5 7. e5 Ne4 8. f3
Nxc3 9. bxc3 Be7 10. f4 g6 11. g4 Rg8 12. Kh1 c5 13. Bb5+ Bc6 14. a4 Qd7 15.
Rb1 a6 16. Bxc6 Qxc6 17. f5 Nd7 18. Nf4 O-O-O 19. Qf3 g5 20. f6 Bf8 21. Nh3 h6
22. Qd3 cxd4 23. Qxa6+ Qb7 24. Qxb7+ Kxb7 25. cxd4 Ra8 26. Rb3 Rxa4 27. c3 Nb8
28. Bd2 Nc6 29. Rfb1 Ra6 30. Nf2 Na5 31. Rb5 Nc4 32. Bc1 Ba3 33. Nd3 Bxc1 34.
Rxc1 Kc7 35. Nb2 Nxb2 1/2-1/2

[Event "III Festival A"]
[Site "Ortisei - Sankt Ulrich in Groeden ITA"]
[Date "2016.06.10"]
[Round "8"]
[White "Prasanna, Raghuram Rao"]
[Black "Kindermann, Stefan"]
[WhiteElo "2466"]
[BlackElo "2515"]
[Result "1-0"]
[PlyCount "153"]
[EventDate "2016.06.04"]

1. d4 f5 2. c4 Nf6 3. Nc3 e6 4. Qc2 Bb4 5. e3 O-O 6. Bd3 c5 7. Nge2 d6 8. O-O
Nc6 9. a3 Ba5 10. Rb1 Qe7 11. Bd2 cxd4 12. Nxd4 Bd7 13. Nd5 Qd8 14. Nxf6+ Qxf6
15. Nb5 Qe7 16. Bxa5 Nxa5 17. b4 Nc6 18. c5 dxc5 19. bxc5 Ne5 20. Nd4 Rab8 21.
Bb5 Rfc8 22. Bxd7 Qxd7 23. Qb3 Rxc5 24. Nxe6 Rcc8 25. Nd4+ Kh8 26. Rfd1 a6 27.
a4 Nc4 28. Qd3 g6 29. Qb3 Qf7 30. h3 Kg8 31. Qb4 Ne5 32. Qb6 Nc4 33. Qa7 b5 34.
Qxf7+ Kxf7 35. axb5 Na3 36. Ra1 Nxb5 37. Rxa6 Rd8 38. Rc1 Nxd4 39. Rc7+ Kg8 40.
exd4 Rxd4 41. Raa7 Rh4 42. f4 Rh5 43. Kh2 Kh8 44. Rf7 Kg8 45. Rfe7 Kh8 46. Rg7
Rc8 47. Rge7 Rb8 48. Kg1 Rh4 49. Kf2 Rh5 50. Ke3 Rh4 51. Kf3 Rh5 52. Ke2 Rd8
53. Ke3 Rh4 54. Ra4 Rb8 55. Rd4 Ra8 56. Rdd7 Rb8 57. Kd3 Ra8 58. Rd4 Rc8 59.
Ke3 Ra8 60. Red7 Rb8 61. Rc7 Ra8 62. Kd3 g5 63. fxg5 Ra3+ 64. Rc3 Rxc3+ 65.
Kxc3 Rh5 66. h4 h6 67. g6 Kg7 68. Rf4 Kxg6 69. Kd4 Kf6 70. Kd5 Kf7 71. Ke5 Kg6
72. g3 Kg7 73. Rxf5 Kg6 74. Rxh5 Kxh5 75. Kf6 Kg4 76. Kg6 h5 77. Kh6 1-0

[Event "III Festival A"]
[Site "Ortisei - Sankt Ulrich in Groeden ITA"]
[Date "2016.06.10"]
[Round "8"]
[White "Spornberger, Andre"]
[Black "Martinez, Ayelen"]
[WhiteElo "2307"]
[BlackElo "2146"]
[Result "1/2-1/2"]
[PlyCount "82"]
[EventDate "2016.06.04"]

1. d4 Nf6 2. c4 g6 3. Nc3 Bg7 4. e4 O-O 5. Nf3 d6 6. Be2 c5 7. d5 e6 8. O-O
exd5 9. exd5 Bg4 10. Bf4 Re8 11. h3 Bxf3 12. Bxf3 Bf8 13. Re1 Nbd7 14. Rxe8
Nxe8 15. Ne4 Ndf6 16. Qd2 Nxe4 17. Bxe4 Bg7 18. Re1 Qd7 19. Bd3 Nc7 20. b3 Re8
21. Rxe8+ Nxe8 22. Qa5 b6 23. Qe1 Kf8 24. b4 cxb4 25. Qxb4 Qe7 26. Be3 Qe5 27.
Qa4 Qe7 28. Qa6 Bc3 29. Bc2 Kg7 30. Ba4 Nf6 31. Bc6 Ne4 32. Qb7 Qxb7 33. Bxb7
Bb4 34. f3 Bc5 35. fxe4 Bxe3+ 36. Kf1 Kf6 37. Ke2 Bc5 38. a4 Ke5 39. Kf3 h5 40.
Bc6 g5 41. Be8 Kf6 1/2-1/2

[Event "III Festival A"]
[Site "Ortisei - Sankt Ulrich in Groeden ITA"]
[Date "2016.06.10"]
[Round "8"]
[White "Spornberger, Maximilian"]
[Black "Zucchelli, Massimo"]
[WhiteElo "2306"]
[BlackElo "2145"]
[Result "1/2-1/2"]
[PlyCount "92"]
[EventDate "2016.06.04"]

1. e4 e6 2. d3 c5 3. g3 Nc6 4. Bg2 Nge7 5. Nf3 g6 6. O-O Bg7 7. Re1 d6 8. c3 e5
9. a3 a5 10. a4 O-O 11. Na3 h6 12. Nd2 Be6 13. Nb5 Na7 14. Nc4 Nxb5 15. axb5 b6
16. Be3 Rb8 17. b4 axb4 18. cxb4 d5 19. exd5 Nxd5 20. bxc5 Nxe3 21. Rxe3 bxc5
22. Rb1 f6 23. Qf3 Kh7 24. Qc6 Qe7 25. b6 Rfd8 26. b7 Bf5 27. Rb3 h5 28. Nb6
Qd6 29. Na4 c4 30. Qxc4 Be6 31. Qb4 Bxb3 32. Qxb3 f5 33. h3 Rd7 34. Qb5 e4 35.
dxe4 Rbxb7 36. Qe2 Qd1+ 37. Qxd1 Rxd1+ 38. Kh2 Rb4 39. Nc5 Bd4 40. Rd3 Rxd3 41.
Nxd3 Rb3 42. Nc1 Rb1 43. Nd3 Rd1 44. Nf4 Bxf2 45. Bf3 Rd2 46. exf5 Be3+ 1/2-1/2

[Event "III Festival A"]
[Site "Ortisei - Sankt Ulrich in Groeden ITA"]
[Date "2016.06.10"]
[Round "8"]
[White "Tscharotschkin, Michael"]
[Black "Blohberger, Felix"]
[WhiteElo "2205"]
[BlackElo "2300"]
[Result "0-1"]
[PlyCount "98"]
[EventDate "2016.06.04"]

1. d4 Nf6 2. Nf3 e6 3. e3 c5 4. b3 Nc6 5. Bb2 d5 6. Nbd2 Bd6 7. Bd3 b6 8. O-O
Bb7 9. Ne5 Rc8 10. Nxc6 Bxc6 11. Qe2 O-O 12. Rac1 Qe7 13. dxc5 Bxc5 14. Nf3 Ba3
15. Bxa3 Qxa3 16. Nd4 e5 17. Nxc6 Rxc6 18. e4 dxe4 19. Bxe4 Rc5 20. c4 Nxe4 21.
Qxe4 Qxa2 22. b4 Rc7 23. c5 Rfc8 24. Qxe5 Qe6 25. Qb2 bxc5 26. Rxc5 Rxc5 27.
bxc5 h5 28. Qa3 a6 29. h3 Rc6 30. Rc1 Qd5 31. Qe3 Kh7 32. Kh2 Rg6 33. g3 h4 34.
Rg1 Rc6 35. Rc1 Re6 36. Qf4 hxg3+ 37. Qxg3 Rg6 38. Qh4+ Kg8 39. Rg1 Rxg1 40.
Kxg1 Qxc5 41. Qd8+ Qf8 42. Qd5 Qc8 43. Kg2 Qe6 44. Qd8+ Kh7 45. Kh2 Qe5+ 46.
Kg2 Qf6 47. Qa8 g6 48. h4 Kg7 49. Qd5 Qxh4 0-1

[Event "III Festival A"]
[Site "Ortisei - Sankt Ulrich in Groeden ITA"]
[Date "2016.06.11"]
[Round "9"]
[White "Bertagnolli, Alexander"]
[Black "Neverov, Valeriy"]
[WhiteElo "2376"]
[BlackElo "2507"]
[Result "1-0"]
[PlyCount "89"]
[EventDate "2016.06.04"]

1. e4 c5 2. Nf3 d6 3. d4 cxd4 4. Nxd4 Nf6 5. Nc3 a6 6. h3 e6 7. g4 h6 8. Bg2
Bd7 9. Qd3 Nc6 10. Nxc6 Bxc6 11. Bf4 Qb6 12. O-O Be7 13. Rfe1 Rc8 14. a4 O-O
15. a5 Qc7 16. Rad1 Qxa5 17. Qg3 Rfd8 18. Nd5 Bxd5 19. exd5 e5 20. Bd2 Qb6 21.
Bc3 Rc4 22. b3 Rc5 23. h4 Rdc8 24. Bd4 exd4 25. Rxe7 Rc3 26. Qf4 Rf8 27. g5 Nh5
28. Qe4 hxg5 29. hxg5 g6 30. Bf3 Ng7 31. Bg4 d3 32. Rxd3 Rxc2 33. Rf3 Rc7 34.
Bd7 Qa5 35. Rf6 Qa1+ 36. Kh2 Rc1 37. Be6 Re1 38. Rfxf7 Rxf7 39. Qxe1 Qxe1 40.
Bxf7+ Kf8 41. Rxe1 Kxf7 42. Rc1 Ne8 43. Rc8 Ke7 44. Rb8 b5 45. Rb7+ 1-0

[Event "III Festival A"]
[Site "Ortisei - Sankt Ulrich in Groeden ITA"]
[Date "2016.06.11"]
[Round "9"]
[White "Blohberger, Felix"]
[Black "Addison, Bret C"]
[WhiteElo "2300"]
[BlackElo "2180"]
[Result "0-1"]
[PlyCount "98"]
[EventDate "2016.06.04"]

1. d4 d5 2. Bf4 c6 3. e3 g6 4. c4 e6 5. Nc3 Bg7 6. Nf3 Nh6 7. Bd3 O-O 8. h4 f6
9. Qc2 Na6 10. a3 Nf7 11. cxd5 cxd5 12. Bxg6 hxg6 13. Qxg6 Nh8 14. Qd3 f5 15.
h5 Nf7 16. h6 Bf6 17. g4 Kh8 18. Rh5 Rg8 19. gxf5 exf5 20. O-O-O Be6 21. Rxf5
Bxf5 22. Qxf5 Rc8 23. Kb1 Nc7 24. Qh5 Qd7 25. Rc1 Qe6 26. Rc2 b5 27. b4 a6 28.
Kb2 Nd6 29. Bxd6 Qxd6 30. Ne2 Ne6 31. Qf5 Rxc2+ 32. Kxc2 Rf8 33. Qg4 Qc7+ 34.
Kd2 Qf7 35. Qf5 Be7 36. Qe5+ Qf6 37. Qxd5 Qxf3 38. Qxe6 Qf6 39. Qe4 Bd6 40. f4
Qxh6 41. Qd5 Re8 42. Kd3 Qh3 43. Ng3 Bxf4 44. Nf5 Bxe3 45. Ng3 Bf4 46. Qh5+
Qxh5 47. Nxh5 Bg5 48. d5 Re3+ 49. Kd4 Rh3 0-1

[Event "III Festival A"]
[Site "Ortisei - Sankt Ulrich in Groeden ITA"]
[Date "2016.06.11"]
[Round "9"]
[White "Boehm, Martin"]
[Black "Spornberger, Andre"]
[WhiteElo "2234"]
[BlackElo "2307"]
[Result "1/2-1/2"]
[PlyCount "84"]
[EventDate "2016.06.04"]

1. d4 e6 2. Nf3 f5 3. g3 Nf6 4. Bg2 d5 5. O-O c6 6. Nbd2 Bd6 7. Ne5 O-O 8. Ndf3
Nbd7 9. Bf4 Be7 10. c4 Nxe5 11. Nxe5 Nd7 12. Qc2 Nxe5 13. Bxe5 Bd6 14. Bxd6
Qxd6 15. e3 Bd7 16. Rac1 Be8 17. Rfe1 Kh8 18. cxd5 exd5 19. Qc5 Qf6 20. b4 a6
21. a4 g5 22. Rc2 Bg6 23. Rb2 Rae8 24. b5 axb5 25. axb5 f4 26. bxc6 bxc6 27.
Qc3 f3 28. Bf1 Bf5 29. Rc1 Bd7 30. Rb7 Rd8 31. Ra1 Qd6 32. Raa7 Bf5 33. g4 Be4
34. Bd3 Rb8 35. Bxe4 Rxb7 36. Rxb7 dxe4 37. Qa5 Rb8 38. Rxb8+ Qxb8 39. h3 h6
40. Qf5 Qb1+ 41. Kh2 Qb8+ 42. Kg1 Qb1+ 1/2-1/2

[Event "III Festival A"]
[Site "Ortisei - Sankt Ulrich in Groeden ITA"]
[Date "2016.06.11"]
[Round "9"]
[White "Codenotti, Marco"]
[Black "Kristensen, Kaare Hove"]
[WhiteElo "2451"]
[BlackElo "2367"]
[Result "1-0"]
[PlyCount "101"]
[EventDate "2016.06.04"]

1. e4 c5 2. Nf3 d6 3. d4 cxd4 4. Nxd4 Nf6 5. Nc3 a6 6. Be3 e5 7. Nf3 Qc7 8. a4
Be7 9. Be2 O-O 10. O-O h6 11. a5 Be6 12. Nd5 Nxd5 13. exd5 Bg4 14. Ne1 Bxe2 15.
Qxe2 Nd7 16. c4 b6 17. axb6 Nxb6 18. Nd3 Bg5 19. Bxg5 hxg5 20. Rfc1 a5 21. Qd2
e4 22. Ne1 Qc5 23. Qxg5 Qb4 24. Nc2 Qxc4 25. Ne3 Qd4 26. Nf5 Qf6 27. Ne7+ Kh7
28. Qxf6 gxf6 29. Ra3 f5 30. Rc6 Nc8 31. Nxf5 Kg6 32. Nxd6 Nxd6 33. Rxd6+ Kf5
34. Rb6 Rfc8 35. g3 Rc5 36. d6 Rd5 37. Rc3 Ke5 38. Rc7 f5 39. d7 Rd8 40. Kg2 f4
41. gxf4+ Kxf4 42. Rf6+ Ke5 43. Rf7 Ke6 44. Rh7 Rd2 45. Rc6+ Kf5 46. Rh5+ Kg4
47. Rcc5 Rg8 48. Rcf5 Rd3 49. h3+ Rxh3 50. Rhg5+ Rxg5 51. Rxg5+ 1-0

[Event "III Festival A"]
[Site "Ortisei - Sankt Ulrich in Groeden ITA"]
[Date "2016.06.11"]
[Round "9"]
[White "Corvi, Marco"]
[Black "Bjerre, Jonas"]
[WhiteElo "2305"]
[BlackElo "2410"]
[Result "1-0"]
[PlyCount "115"]
[EventDate "2016.06.04"]

1. c4 e5 2. Nc3 Bb4 3. Qb3 Nc6 4. e3 Nf6 5. a3 Bxc3 6. Qxc3 d5 7. cxd5 Nxd5 8.
Qc2 O-O 9. Nf3 Re8 10. d3 Nb6 11. Be2 a5 12. Bd2 Bf5 13. e4 Bg4 14. Be3 Bxf3
15. gxf3 Nd4 16. Bxd4 Qxd4 17. Qc3 Qd6 18. Rc1 c6 19. Qc5 Qc7 20. Rg1 Re6 21.
Qc3 Rg6 22. Rg3 Nd7 23. d4 exd4 24. Qxd4 Nf8 25. Bc4 Rd8 26. Qc3 Qf4 27. Ke2 b5
28. Bb3 b4 29. axb4 axb4 30. Qe3 Qh4 31. Rcg1 Qf6 32. e5 Qh4 33. Qe4 Rd4 34.
Qxh4 Rxh4 35. Rc1 Rgh6 36. Ke3 Rxh2 37. f4 Rh1 38. Rc4 Re1+ 39. Kf3 Nd7 40.
Rxb4 Kf8 41. Rb7 Nc5 42. Rxf7+ Ke8 43. Ba2 g6 44. Ra7 Nd3 45. Bc4 Nxb2 46. Bf7+
Kf8 47. Kg4 Reh1 48. Kg5 R6h5+ 49. Kf6 Rf5+ 50. Ke6 Rxf4 51. Rb3 Na4 52. Rb8+
Kg7 53. Bg8+ Kh6 54. Rxh7+ Kg5 55. Rxh1 Nc5+ 56. Ke7 Rxf2 57. Rg1+ Kh6 58. Bf7
1-0

[Event "III Festival A"]
[Site "Ortisei - Sankt Ulrich in Groeden ITA"]
[Date "2016.06.11"]
[Round "9"]
[White "De Santis, Alessio"]
[Black "Zucchelli, Massimo"]
[WhiteElo "2275"]
[BlackElo "2145"]
[Result "1-0"]
[PlyCount "103"]
[EventDate "2016.06.04"]

1. b3 e5 2. Bb2 Nc6 3. c4 d6 4. e3 g6 5. Nc3 Bg7 6. a3 a5 7. h4 h5 8. Be2 Nh6
9. Qc2 Bf5 10. d3 Ng4 11. Nf3 O-O 12. Ng5 Bh6 13. Bc1 Bg7 14. f3 Nh6 15. Bb2
Rb8 16. O-O-O Ne7 17. Rdg1 c6 18. g4 hxg4 19. fxg4 Bd7 20. e4 b5 21. Nh3 bxc4
22. dxc4 Qb6 23. Bd1 d5 24. Qf2 Qxf2 25. Nxf2 dxe4 26. Nfxe4 f5 27. Nc5 Bc8 28.
g5 Nf7 29. N3a4 e4 30. Bf6 Re8 31. Nc3 Ne5 32. h5 gxh5 33. Bxh5 Nf7 34. Ne2 Ra8
35. Nf4 Ra7 36. Bxf7+ Kxf7 37. Rh7 Rg8 38. Nh5 Kg6 39. Rxg7+ Rxg7 40. Nxg7 Ng8
41. Ne8 Bd7 42. Nd6 Nxf6 43. gxf6+ Kxf6 44. Rf1 Ke5 45. Nf7+ Kf6 46. Nh6 Kg6
47. Nxd7 Kxh6 48. Ne5 Kg5 49. Nxc6 Ra6 50. Ne7 f4 51. Nd5 f3 52. Kd2 1-0

[Event "III Festival A"]
[Site "Ortisei - Sankt Ulrich in Groeden ITA"]
[Date "2016.06.11"]
[Round "9"]
[White "Dittmar, Peter"]
[Black "Lodici, Lorenzo"]
[WhiteElo "2258"]
[BlackElo "2379"]
[Result "1/2-1/2"]
[PlyCount "54"]
[EventDate "2016.06.04"]

1. e4 e5 2. Bc4 Nf6 3. d3 Nc6 4. Nf3 Be7 5. O-O O-O 6. c3 d5 7. exd5 Nxd5 8.
Re1 Bg4 9. h3 Bh5 10. Nbd2 Nb6 11. Bb5 f6 12. Ne4 Qd5 13. c4 Qd8 14. Bxc6 bxc6
15. Ng3 Bf7 16. Nf5 Re8 17. b3 Bf8 18. Bb2 Qd7 19. Ng3 Rad8 20. d4 Bb4 21. Re2
exd4 22. Qxd4 Qxd4 23. Rxe8+ Bxe8 24. Bxd4 Bf8 25. Re1 Kf7 26. Ne4 Nd7 27. Be3
g6 1/2-1/2

[Event "III Festival A"]
[Site "Ortisei - Sankt Ulrich in Groeden ITA"]
[Date "2016.06.11"]
[Round "9"]
[White "Enkhtuul, Altan-Ulzii"]
[Black "Bernardi, Ruben"]
[WhiteElo "2258"]
[BlackElo "2189"]
[Result "1/2-1/2"]
[PlyCount "124"]
[EventDate "2016.06.04"]

1. d4 Nf6 2. Nf3 e6 3. c4 b6 4. g3 Ba6 5. b3 Bb4+ 6. Bd2 Be7 7. Bg2 d5 8. Qc2
O-O 9. O-O c5 10. Rd1 Nc6 11. Be1 Rc8 12. dxc5 Bxc5 13. a3 Be7 14. Nc3 Qe8 15.
cxd5 exd5 16. Qb1 Rd8 17. e3 Rd6 18. b4 Bc4 19. b5 Na5 20. Nd4 g6 21. Na4 Nb7
22. Nc6 Rxc6 23. bxc6 Qxc6 24. Nb2 Be2 25. Rc1 Nc5 26. Nd3 Qd7 27. Nxc5 bxc5
28. Ra2 Bg4 29. a4 Qe6 30. Qd3 Bf5 31. Qe2 Re8 32. Rb2 c4 33. Rd1 Rc8 34. Bc3
Ba3 35. Ra2 Be7 36. Bxf6 Qxf6 37. Bxd5 Bd3 38. Qf3 Qg7 39. e4 Bf6 40. Kg2 Rb8
41. Rc1 Bg5 42. Rxc4 Bxc4 43. Bxc4 Qf6 44. Qe2 Re8 45. Bd5 Qd6 46. f4 Bd8 47.
Rc2 Bb6 48. Qd2 Rd8 49. a5 Bc7 50. Qc3 Rd7 51. Rd2 Qe7 52. Qd4 Rd8 53. Qxa7 Qb4
54. Bxf7+ Kg7 55. Rxd8 Bxd8 56. Bd5+ Kh6 57. a6 Bb6 58. Qb8 Qc5 59. Qe5 Qf2+
60. Kh3 Qf1+ 61. Kh4 Bd8+ 62. Qg5+ Kg7 1/2-1/2

[Event "III Festival A"]
[Site "Ortisei - Sankt Ulrich in Groeden ITA"]
[Date "2016.06.11"]
[Round "9"]
[White "Gaehwiler, Gabriel"]
[Black "Castellanos Rodriguez, Renier"]
[WhiteElo "2363"]
[BlackElo "2484"]
[Result "1-0"]
[PlyCount "107"]
[EventDate "2016.06.04"]

1. e4 c5 2. Nf3 e6 3. d4 cxd4 4. Nxd4 a6 5. Nc3 Qc7 6. Bd3 Nf6 7. Qe2 d6 8. O-O
Nbd7 9. Kh1 Be7 10. f4 O-O 11. Bd2 Nc5 12. b4 Nxd3 13. cxd3 Qd7 14. a4 b6 15.
b5 Bb7 16. Na2 Ne8 17. Be3 Nc7 18. Rab1 axb5 19. axb5 f5 20. Nc6 Bf6 21. exf5
exf5 22. Bxb6 Nxb5 23. Na5 Bd5 24. Nc4 Na3 25. Nxa3 Rxa3 26. Nb4 Ba8 27. Rfc1
h6 28. Qf2 Re8 29. Bd4 Bxd4 30. Qxd4 Re2 31. Rb2 Qe6 32. Rxe2 Qxe2 33. Rg1 Kh7
34. h3 Ra4 35. Qxd6 Qe3 36. Kh2 Qd2 37. Nd5 Ra7 38. Qe6 Qxd3 39. Ne7 Rxe7 40.
Qxe7 Be4 41. Qh4 Qd4 42. Qg3 Qd2 43. Ra1 Qd6 44. Ra7 Qf6 45. Rc7 Qb2 46. Re7
Qf6 47. Rd7 Bc6 48. Rd2 Be4 49. Qa3 Qb6 50. Qd6 Qe3 51. Ra2 Qb3 52. Rd2 Qe3 53.
Rb2 Qa7 54. Rb6 1-0

[Event "III Festival A"]
[Site "Ortisei - Sankt Ulrich in Groeden ITA"]
[Date "2016.06.11"]
[Round "9"]
[White "Kindermann, Stefan"]
[Black "Herzog, Adolf"]
[WhiteElo "2515"]
[BlackElo "2358"]
[Result "1-0"]
[PlyCount "63"]
[EventDate "2016.06.04"]

1. d4 c6 2. c4 d5 3. Nc3 Nf6 4. e3 g6 5. Nf3 Bg7 6. Be2 O-O 7. O-O b6 8. Qc2
Bb7 9. Rd1 Nbd7 10. e4 dxe4 11. Nxe4 Qc7 12. Nxf6+ Nxf6 13. b3 c5 14. Bb2 Be4
15. Qd2 Ng4 16. h3 Nh6 17. d5 Bxb2 18. Qxb2 Bxf3 19. Bxf3 Rad8 20. Be4 Qf4 21.
Re1 e5 22. dxe6 fxe6 23. Re2 Rd4 24. Rae1 Nf7 25. g3 Qd6 26. Bg2 Re8 27. h4 Kg7
28. Bd5 e5 29. f4 Qd7 30. fxe5 Qh3 31. Qc3 Nxe5 32. Rxe5 1-0

[Event "III Festival A"]
[Site "Ortisei - Sankt Ulrich in Groeden ITA"]
[Date "2016.06.11"]
[Round "9"]
[White "Martinez, Ayelen"]
[Black "Lagumina, Giulio"]
[WhiteElo "2146"]
[BlackElo "2316"]
[Result "0-1"]
[PlyCount "90"]
[EventDate "2016.06.04"]

1. e4 e5 2. Nf3 Nc6 3. Bb5 a6 4. Ba4 Nge7 5. d4 exd4 6. Nxd4 g6 7. Bg5 Bg7 8.
c3 O-O 9. O-O Nxd4 10. cxd4 d5 11. e5 f6 12. Bf4 g5 13. exf6 Bxf6 14. Be3 Bf5
15. Nc3 c6 16. Qd2 Ng6 17. Ne2 Nh4 18. Ng3 Bh3 19. f4 Bxg2 20. fxg5 Bxf1 21.
Rxf1 Bg7 22. Bf4 Qb6 23. Ne2 Ng6 24. Bc2 Rae8 25. Bg3 Rxf1+ 26. Kxf1 Qxb2 27.
h4 Qa3 28. h5 Qf3+ 29. Bf2 Qxh5 30. Ng1 Qg4 31. Bd1 Qf4 32. Nf3 Qf5 33. Bg3 Rf8
34. Kg1 Qe4 35. Qe2 Qg4 36. Kh2 Nf4 37. Qf1 Ne6 38. Qd3 Qe4 39. Qxe4 dxe4 40.
Ne5 Nxd4 41. Nd7 Re8 42. Bh5 Re7 43. Nf6+ Kh8 44. Kg2 e3 45. Kf1 e2+ 0-1

[Event "III Festival A"]
[Site "Ortisei - Sankt Ulrich in Groeden ITA"]
[Date "2016.06.11"]
[Round "9"]
[White "Nisipeanu, Liviu-Dieter"]
[Black "Markus, Robert"]
[WhiteElo "2668"]
[BlackElo "2662"]
[Result "1/2-1/2"]
[PlyCount "57"]
[EventDate "2016.06.04"]

1. e4 c5 2. Nf3 e6 3. b3 a6 4. Bb2 Nc6 5. g3 d5 6. exd5 exd5 7. Qe2+ Qe7 8.
Qxe7+ Ngxe7 9. Bg2 Bf5 10. O-O O-O-O 11. Nc3 h6 12. Na4 Ng6 13. d4 Bxc2 14.
Rac1 Be4 15. Rfd1 Be7 16. dxc5 Rhg8 17. Nd4 Bxg2 18. Kxg2 Bf6 19. Nf5 Bxb2 20.
Nxb2 Nge7 21. Nd6+ Kc7 22. Nd3 Rgf8 23. b4 b6 24. b5 bxc5 25. Nb7 Kxb7 26.
Nxc5+ Ka7 27. bxc6 Rc8 28. Rb1 Rc7 29. Rd3 1/2-1/2

[Event "III Festival A"]
[Site "Ortisei - Sankt Ulrich in Groeden ITA"]
[Date "2016.06.11"]
[Round "9"]
[White "Paulet, Iozefina"]
[Black "Bogner, Sebastian"]
[WhiteElo "2187"]
[BlackElo "2527"]
[Result "0-1"]
[PlyCount "48"]
[EventDate "2016.06.04"]

1. e4 c5 2. Nf3 e6 3. d4 cxd4 4. Nxd4 a6 5. Nc3 Qc7 6. Be3 Bb4 7. Qd2 Nf6 8.
Bd3 d5 9. exd5 Nxd5 10. Nde2 Nxe3 11. Qxe3 Nc6 12. O-O-O O-O 13. f4 b5 14. Ne4
Be7 15. Ng5 Bxg5 16. fxg5 Bb7 17. Kb1 Rad8 18. Qh3 g6 19. Nc3 Nb4 20. Ne4 Bxe4
21. Bxe4 Qc4 22. Bd3 Qxa2+ 23. Kc1 Qa1+ 24. Kd2 Qxb2 0-1

[Event "III Festival A"]
[Site "Ortisei - Sankt Ulrich in Groeden ITA"]
[Date "2016.06.11"]
[Round "9"]
[White "Pijpers, Arthur"]
[Black "Dappiano, Andrea"]
[WhiteElo "2471"]
[BlackElo "2288"]
[Result "1-0"]
[PlyCount "53"]
[EventDate "2016.06.04"]

1. e4 e6 2. d4 d5 3. Nc3 Bb4 4. e5 c5 5. a3 Bxc3+ 6. bxc3 Ne7 7. Qg4 O-O 8. Bd3
Nbc6 9. Bg5 Qa5 10. Ne2 Ng6 11. O-O c4 12. Bxg6 fxg6 13. a4 Bd7 14. h4 Rf5 15.
Qh3 Raf8 16. f3 h6 17. g4 R5f7 18. Bc1 Nd8 19. Ba3 Re8 20. Bb4 Qa6 21. a5 Nc6
22. Bd6 Nxa5 23. h5 g5 24. f4 gxf4 25. Nxf4 Ba4 26. Rxa4 Qb5 27. Rb4 1-0

[Event "III Festival A"]
[Site "Ortisei - Sankt Ulrich in Groeden ITA"]
[Date "2016.06.11"]
[Round "9"]
[White "Sgircea, Silvia-Raluca"]
[Black "Olivetti, Davide"]
[WhiteElo "2263"]
[BlackElo "2063"]
[Result "1/2-1/2"]
[PlyCount "99"]
[EventDate "2016.06.04"]

1. Nf3 Nf6 2. c4 g6 3. g3 Bg7 4. Bg2 O-O 5. O-O c5 6. d4 d6 7. Nc3 Nc6 8. d5
Na5 9. Nd2 a6 10. Qc2 Rb8 11. a4 Bd7 12. e4 Ng4 13. Ra3 b5 14. axb5 axb5 15.
cxb5 Bxb5 16. Nxb5 Rxb5 17. Qa4 Qb6 18. Bf3 Ne5 19. Be2 c4 20. b3 Nxb3 21. Nxc4
Nxc4 22. Bxc4 Rb4 23. Rxb3 Rxa4 24. Rxb6 Rxc4 25. Re1 Bc3 26. Re2 Bd4 27. Rb1
Rfc8 28. Bh6 f6 29. Rb7 Kf7 30. Bf4 R8c7 31. Rxc7 Rxc7 32. h4 Rb7 33. Rd2 Bc5
34. Kg2 Rb4 35. Re2 Bd4 36. g4 Rb2 37. Rxb2 Bxb2 38. Kf3 Bc3 39. h5 Bb4 40. Bg3
Ba3 41. hxg6+ hxg6 42. Bf4 Bb2 43. Be3 Be5 44. Ke2 Bb2 45. Kd3 g5 46. Kc4 Ke8
47. Kb5 Kd7 48. Kb6 Be5 49. f3 Bc3 50. Kb7 1/2-1/2

[Event "III Festival A"]
[Site "Ortisei - Sankt Ulrich in Groeden ITA"]
[Date "2016.06.11"]
[Round "9"]
[White "Singer, Christoph"]
[Black "Polster, Wolfgang"]
[WhiteElo "2355"]
[BlackElo "2239"]
[Result "1/2-1/2"]
[PlyCount "53"]
[EventDate "2016.06.04"]

1. e4 e6 2. d4 d5 3. Nd2 a6 4. Ngf3 Nf6 5. Bd3 c5 6. c3 Nc6 7. O-O cxd4 8. cxd4
Nb4 9. Bb1 dxe4 10. Nxe4 Be7 11. a3 Nbd5 12. Nc5 O-O 13. Re1 Qc7 14. Nd3 h6 15.
Nde5 Bd7 16. Nxd7 Qxd7 17. Ne5 Qd6 18. Qd3 Rfd8 19. Qg3 Kf8 20. Bg6 fxg6 21.
Qxg6 Kg8 22. Bxh6 Bf8 23. Qf7+ Kh7 24. Qg6+ Kg8 25. Qf7+ Kh7 26. Qg6+ Kg8 27.
Qf7+ 1/2-1/2

[Event "III Festival A"]
[Site "Ortisei - Sankt Ulrich in Groeden ITA"]
[Date "2016.06.11"]
[Round "9"]
[White "Sprenger, Jan Michael"]
[Black "Ledger, Andrew J"]
[WhiteElo "2506"]
[BlackElo "2380"]
[Result "1/2-1/2"]
[PlyCount "173"]
[EventDate "2016.06.04"]

1. e4 c6 2. d4 d5 3. e5 Bf5 4. Nf3 e6 5. Be2 Ne7 6. O-O Nd7 7. Nbd2 h6 8. Nb3
g5 9. Bd2 Bg7 10. a4 O-O 11. c3 f6 12. exf6 Bxf6 13. Ne1 Qe8 14. Nd3 b6 15. f4
Ng6 16. a5 Qe7 17. Be3 Rac8 18. Qd2 c5 19. fxg5 Bxg5 20. axb6 axb6 21. Nf4 c4
22. Nc1 Nxf4 23. Bxf4 Bxf4 24. Rxf4 Qg5 25. Bf3 Ra8 26. Rxa8 Rxa8 27. Ne2 Nf6
28. h4 Qg6 29. Qe1 Ra2 30. Ng3 Rxb2 31. Nxf5 exf5 32. Qe5 Qg3 33. Bxd5+ Nxd5
34. Qxd5+ Kg7 35. Qd7+ Kg8 36. Qc8+ Kg7 37. Qc7+ Kg8 38. Qxc4+ Kg7 39. Qc7+ Kg8
40. Qc8+ Kg7 41. Qd7+ Kg8 42. Qe8+ Kg7 43. Qe7+ Kg8 44. Qe6+ Kg7 45. Qe5+ Kg8
46. Qd5+ Kg7 47. Qe5+ Kg8 48. Qd5+ Kg7 49. Rf1 f4 50. Qb7+ Kg8 51. Qf3 b5 52.
Qe4 Qe3+ 53. Qxe3 fxe3 54. Re1 e2 55. Kf2 Rc2 56. Rxe2 Rxc3 57. Rb2 Rd3 58. Rb4
Kf7 59. h5 Kf6 60. Ke2 Rg3 61. Rxb5 Rxg2+ 62. Kf3 Rh2 63. Ke4 Rh4+ 64. Kd3 Ke6
65. Kc4 Kd7 66. Rf5 Ke6 67. Re5+ Kd6 68. Ra5 Kd7 69. Ra7+ Ke8 70. Kd5 Rxh5+ 71.
Ke6 Kf8 72. d5 Rh1 73. d6 Re1+ 74. Kd7 Rd1 75. Ra5 Kf7 76. Kc7 Ke6 77. Ra6 h5
78. Rc6 h4 79. Rc3 Kf5 80. d7 Kg4 81. Rc6 Rxd7+ 82. Kxd7 h3 83. Ke6 h2 84. Rc1
Kg3 85. Kf5 Kg2 86. Kg4 h1=Q 87. Rxh1 1/2-1/2